00422nam a2200145Ia 4500008004100000010001400041040002600055041002600081082001700107100002200124245004400146260004000190300002100230600002500251090201s9999 xx 000 0 und d aKPL-12813 bइंग्रजी aइंग्रजी a23974b12813 aacharya rajneesh awhat is meditation ?cacharya rajneesh c2004bishwarlal n shah publications a58bमोठा awhat is meditation ?